Laboratory studies in Animal Diversity
Laboratory Studies in Animal Diversity offers students hands-on experience in learning about the diversity of life. It provides students the opportunity to become acquainted with the principal groups of animals and to recognize the unique anatomical features that characterize each group as well as t...
Đã lưu trong:
| 格式: | 图书 |
|---|---|
| 语言: | Undetermined |
| 出版: |
Boston
McGraw-Hill
2007
|
| 主题: | |
| 标签: |
添加标签
没有标签, 成为第一个标记此记录!
|
| Thư viện lưu trữ: | Trung tâm Học liệu Trường Đại học Cần Thơ |
|---|
| LEADER | 00978nam a2200193Ia 4500 | ||
|---|---|---|---|
| 001 | CTU_180200 | ||
| 008 | 210402s9999 xx 000 0 und d | ||
| 020 | |c 34.97 | ||
| 082 | |a 590 | ||
| 082 | |b L123 | ||
| 245 | 0 | |a Laboratory studies in Animal Diversity | |
| 245 | 0 | |c Cleveland P. Hickman ... [et al.] ; Original artwork by William C. Ober and Claire W. Garrison | |
| 260 | |a Boston | ||
| 260 | |b McGraw-Hill | ||
| 260 | |c 2007 | ||
| 520 | |a Laboratory Studies in Animal Diversity offers students hands-on experience in learning about the diversity of life. It provides students the opportunity to become acquainted with the principal groups of animals and to recognize the unique anatomical features that characterize each group as well as the patterns that link animal groups to each other. | ||
| 650 | |a Zoology,Animal diversity,Động vật học,Đa dạng động vật | ||
| 904 | |i Kiều Trang | ||
| 980 | |a Trung tâm Học liệu Trường Đại học Cần Thơ | ||